[Event "British Columbia-Washington"]
[Site "Victoria CAN"]
[Date "2020.01.18"]
[Round "3.1"]
[White "Kaufman, Raymond"]
[Black "Collyer, Curt D"]
[Result "1-0"]
[WhiteElo "2266"]
[BlackElo "2240"]
[PlyCount "100"]
[GameId "2160767907702427"]
[EventDate "2020.01.17"]
[EventType "team-match"]
[EventRounds "5"]
[EventCountry "CAN"]
[SourceTitle "EXT 2023"]
[Source "ChessBase"]
[SourceDate "2022.10.05"]
[SourceVersion "1"]
[SourceVersionDate "2022.10.05"]
[SourceQuality "1"]
[WhiteTeam "British Columbia"]
[BlackTeam "Washington"]
[WhiteTeamCountry "CAN"]
[BlackTeamCountry "USA"]

1. d4 e6 2. Nf3 c5 3. c4 cxd4 4. Nxd4 Nf6 5. Nc3 Nc6 6. a3 d5 7. cxd5 exd5 8. Bg5 Be7 9. e3 O-O 10. Be2 Be6 11. O-O Rc8 12. Ncb5 Qb6 13. Rc1 Bd7 14. b4 a6 15. Nxc6 bxc6 16. Nc3 a5 17. Na4 Qa7 18. Qd4 Qxd4 19. exd4 axb4 20. Nb6 Rcd8 21. axb4 Be8 22. Bf4 Bd6 23. Bxd6 Rxd6 24. Nc8 Re6 25. Bd3 Bd7 26. Nb6 g6 27. Na4 Rb8 28. Rb1 Re7 29. f3 Re3 30. Nc5 Bc8 31. Kf2 Re7 32. Rfc1 Ra7 33. Rb2 Rb6 34. Be2 Ra8 35. Nd3 Bd7 36. g4 h6 37. Rc5 Be8 38. Ra5 Rab8 39. h4 Kg7 40. Rba2 Nh7 41. Ra6 Rxa6 42. Rxa6 Nf8 43. Ke3 Ne6 44. Ra7 Kf6 45. f4 g5 46. hxg5+ hxg5 47. f5 Nf8 48. Ne5 Nh7 49. Rxf7+ Bxf7 50. Nd7+ Ke7 1-0

[Event "British Columbia-Washington"]
[Site "Victoria CAN"]
[Date "2020.01.19"]
[Round "4.1"]
[White "Sinanan, Joshua"]
[Black "Kaufman, Raymond"]
[Result "0-1"]
[WhiteElo "2178"]
[BlackElo "2266"]
[PlyCount "86"]
[GameId "2160767907702437"]
[EventDate "2020.01.17"]
[EventType "team-match"]
[EventRounds "5"]
[EventCountry "CAN"]
[SourceTitle "EXT 2023"]
[Source "ChessBase"]
[SourceDate "2022.10.05"]
[SourceVersion "1"]
[SourceVersionDate "2022.10.05"]
[SourceQuality "1"]
[WhiteTeam "Washington"]
[BlackTeam "British Columbia"]
[WhiteTeamCountry "USA"]
[BlackTeamCountry "CAN"]

1. d4 Nf6 2. c4 g6 3. Nc3 Bg7 4. e4 d6 5. Nf3 O-O 6. Be2 e5 7. dxe5 dxe5 8. Qxd8 Rxd8 9. Bg5 c6 10. Nxe5 Re8 11. f4 h6 12. Bh4 g5 13. fxg5 hxg5 14. Bg3 Na6 15. O-O-O Nc5 16. Bd3 Ng4 17. Nxg4 Bxg4 18. Be2 Bxe2 19. Nxe2 Rxe4 20. Rhe1 Rxc4+ 21. Kb1 Rb4 22. b3 Ne4 23. Rd3 Re8 24. Red1 Bf6 25. Be1 Rb5 26. Ng3 g4 27. Nxe4 Rxe4 28. Bc3 Bxc3 29. Rxc3 Rd5 30. Rxd5 cxd5 31. Rc2 Kf8 32. Rd2 Ke7 33. Kc2 Ke6 34. Kd3 f5 35. g3 Ke5 36. Rc2 Re1 37. Rc7 Rd1+ 38. Ke3 d4+ 39. Ke2 Ra1 40. Kd3 Rxa2 41. Rxb7 Rxh2 42. Rb5+ Kf6 43. Kxd4 Rg2 0-1

[Event "British Columbia-Washington"]
[Site "Victoria CAN"]
[Date "2020.01.19"]
[Round "5.2"]
[White "Kaufman, Raymond"]
[Black "Abramson, Dan"]
[Result "1-0"]
[WhiteElo "2266"]
[BlackElo "1824"]
[PlyCount "55"]
[GameId "2160767907702448"]
[EventDate "2020.01.17"]
[EventType "team-match"]
[EventRounds "5"]
[EventCountry "CAN"]
[SourceTitle "EXT 2023"]
[Source "ChessBase"]
[SourceDate "2022.10.05"]
[SourceVersion "1"]
[SourceVersionDate "2022.10.05"]
[SourceQuality "1"]
[WhiteTeam "British Columbia"]
[BlackTeam "Washington"]
[WhiteTeamCountry "CAN"]
[BlackTeamCountry "USA"]

1. e4 e6 2. d4 d5 3. exd5 exd5 4. Nf3 Bd6 5. c4 dxc4 6. Bxc4 Nf6 7. O-O O-O 8. Bg5 h6 9. Bh4 Bg4 10. h3 Bh5 11. g4 Bg6 12. Ne5 Bxe5 13. dxe5 Qxd1 14. Rxd1 Nfd7 15. f4 Nb6 16. Bb3 Be4 17. Nc3 Bc6 18. a4 a5 19. Rac1 Na6 20. Nb5 Rfe8 21. Rd2 Nd7 22. Rxc6 bxc6 23. Rxd7 Nc5 24. Bxf7+ Kf8 25. Bxe8 cxb5 26. Rd5 Nxa4 27. Bc6 Rb8 28. e6 1-0

[Event "Jack Taylor mem."]
[Site "Victoria CAN"]
[Date "2018.10.26"]
[Round "1"]
[White "Kaufman, Raymond"]
[Black "Brown, Rod"]
[Result "1-0"]
[WhiteElo "2342"]
[BlackElo "1728"]
[PlyCount "55"]
[GameId "2160767908093464"]
[EventDate "2018.10.26"]
[EventType "swiss"]
[EventRounds "5"]
[EventCountry "CAN"]
[SourceTitle "EXT 2022"]
[Source "ChessBase"]
[SourceDate "2021.10.06"]
[SourceVersion "1"]
[SourceVersionDate "2021.10.06"]
[SourceQuality "1"]

1. c4 c5 2. Nc3 Nc6 3. g3 d6 4. Bg2 g6 5. a3 Bg7 6. Rb1 Nf6 7. b4 cxb4 8. axb4 O-O 9. Nf3 Rb8 10. O-O a6 11. d3 Ng4 12. Nd5 e6 13. Ne3 Nge5 14. Nxe5 Nxe5 15. Bb2 Qc7 16. Qd2 Bd7 17. f4 Nc6 18. Bxg7 Kxg7 19. b5 Ne7 20. Qc3+ f6 21. bxa6 bxa6 22. Ra1 Rb6 23. Rfc1 Rfb8 24. c5 dxc5 25. Qxc5 Qxc5 26. Rxc5 Bb5 27. Rc7 Rc8 28. Rxe7+ 1-0

[Event "Jack Taylor mem."]
[Site "Victoria CAN"]
[Date "2018.10.27"]
[Round "2"]
[White "Huang, Patrick"]
[Black "Kaufman, Raymond"]
[Result "1-0"]
[WhiteElo "2039"]
[BlackElo "2342"]
[PlyCount "97"]
[GameId "2160767908093466"]
[EventDate "2018.10.26"]
[EventType "swiss"]
[EventRounds "5"]
[EventCountry "CAN"]
[SourceTitle "EXT 2022"]
[Source "ChessBase"]
[SourceDate "2021.10.06"]
[SourceVersion "1"]
[SourceVersionDate "2021.10.06"]
[SourceQuality "1"]

1. d4 d5 2. Bf4 c5 3. e3 Nc6 4. c3 Nf6 5. Nd2 e6 6. Bd3 Bd6 7. Bg3 O-O 8. Ngf3 b6 9. e4 Bxg3 10. hxg3 h6 11. e5 Ng4 12. Rh4 f5 13. exf6 Nxf6 14. Ne5 Nxe5 15. dxe5 Nd7 16. f4 Nxe5 17. fxe5 Qg5 18. Rg4 Qxe5+ 19. Qe2 Qxe2+ 20. Kxe2 e5 21. Rh4 e4 22. Bc2 Ba6+ 23. Ke3 Rad8 24. Nb3 Bf1 25. Rh2 Bc4 26. Rd1 a5 27. Rh5 Rd6 28. Nc1 Rdf6 29. Bb3 Bxb3 30. Nxb3 Rg6 31. Rh3 Rg5 32. Nc1 Kf7 33. Ne2 Rd8 34. Nf4 Re5 35. g4 Rg5 36. Rh4 b5 37. b3 Kf6 38. c4 bxc4 39. bxc4 d4+ 40. Kxe4 Re5+ 41. Kf3 Re3+ 42. Kf2 Ra3 43. Rd2 Rf8 44. Rh3 Rc3 45. Rf3 Rxf3+ 46. gxf3 g6 47. Re2 Rb8 48. Nd3 Rc8 49. Re5 1-0

[Event "Jack Taylor mem."]
[Site "Victoria CAN"]
[Date "2018.10.28"]
[Round "4"]
[White "Leblanc, Paul"]
[Black "Kaufman, Raymond"]
[Result "0-1"]
[WhiteElo "1863"]
[BlackElo "2342"]
[PlyCount "66"]
[GameId "2160767908093477"]
[EventDate "2018.10.26"]
[EventType "swiss"]
[EventRounds "5"]
[EventCountry "CAN"]
[SourceTitle "EXT 2022"]
[Source "ChessBase"]
[SourceDate "2021.10.06"]
[SourceVersion "1"]
[SourceVersionDate "2021.10.06"]
[SourceQuality "1"]

1. d4 Nf6 2. c4 e6 3. Nf3 b6 4. a3 Ba6 5. Qc2 c5 6. dxc5 bxc5 7. Bg5 Bb7 8. Nc3 Be7 9. e4 Nc6 10. Bd3 Ng4 11. Bf4 d6 12. O-O O-O 13. Rad1 Nge5 14. Nxe5 dxe5 15. Bg3 f6 16. Ne2 Qb6 17. f4 exf4 18. Bxf4 Rad8 19. e5 f5 20. g4 Nb4 21. axb4 cxb4+ 22. Rf2 Bc5 23. Bg3 b3 24. Qb1 Qc6 25. Kf1 Qh1+ 26. Ng1 Bxf2 27. Bxf2 fxg4 28. Bxh7+ Kh8 29. Rxd8 Qg2+ 30. Ke2 Qxf2+ 31. Kd3 Rxd8+ 32. Kc3 Qd2+ 33. Kxb3 Be4 0-1

[Event "British Columbia-ch"]
[Site "Vancouver CAN"]
[Date "2018.10.05"]
[Round "1.3"]
[White "Bremner, William"]
[Black "Kaufman, Raymond"]
[Result "0-1"]
[WhiteElo "2155"]
[BlackElo "2349"]
[PlyCount "84"]
[GameId "2160767908093830"]
[EventDate "2018.10.05"]
[EventType "tourn"]
[EventRounds "1"]
[EventCountry "CAN"]
[SourceTitle "EXT 2022"]
[Source "ChessBase"]
[SourceDate "2021.10.06"]
[SourceVersion "1"]
[SourceVersionDate "2021.10.06"]
[SourceQuality "1"]

1. d4 Nf6 2. c4 g6 3. Nc3 Bg7 4. e4 d6 5. Nf3 O-O 6. Be2 e5 7. O-O Na6 8. Re1 c6 9. Bf1 exd4 10. Nxd4 Ng4 11. Be2 Qh4 12. Bxg4 Bxg4 13. Nde2 Be5 14. h3 f5 15. f4 Bd4+ 16. Kh2 Bxc3 17. bxc3 Nc5 18. e5 dxe5 19. Ba3 Rfd8 20. Qb1 Nd3 21. Qxb7 Nxe1 22. Be7 Nf3+ 23. Kh1 Qh6 24. Qxc6 Rf8 25. Qd5+ Kh8 26. fxe5 Rae8 27. Bxf8 Rxf8 28. Ng1 Nxg1 29. Kxg1 Qe3+ 30. Kh2 Be2 31. Qd6 Re8 32. Qf6+ Kg8 33. e6 Qxe6 34. Qh4 Bxc4 35. Rb1 Qe5+ 36. Kh1 Bd5 37. Rd1 f4 38. c4 Bxg2+ 39. Kg1 Bc6 40. Rd8 Qe3+ 41. Kf1 Qe2+ 42. Kg1 Qg2# 0-1

[Event "British Columbia-ch"]
[Site "Vancouver CAN"]
[Date "2018.10.06"]
[Round "2.2"]
[White "Kaufman, Raymond"]
[Black "Hemstapat, Andrew"]
[Result "1-0"]
[WhiteElo "2349"]
[BlackElo "2201"]
[PlyCount "85"]
[GameId "2160767908093833"]
[EventDate "2018.10.05"]
[EventType "tourn"]
[EventRounds "1"]
[EventCountry "CAN"]
[SourceTitle "EXT 2022"]
[Source "ChessBase"]
[SourceDate "2021.10.06"]
[SourceVersion "1"]
[SourceVersionDate "2021.10.06"]
[SourceQuality "1"]

1. c4 e5 2. g3 Nc6 3. Bg2 f5 4. Nc3 Nf6 5. a3 a5 6. e3 d6 7. Nge2 Be6 8. Nd5 g6 9. O-O Bg7 10. d3 O-O 11. Nec3 Kh8 12. Rb1 Rb8 13. Bd2 Ne7 14. Nxf6 Bxf6 15. Nd5 Bxd5 16. cxd5 b6 17. Qa4 g5 18. Rbc1 Ng6 19. Rc6 Qd7 20. Qc2 Rf7 21. Rc1 Rb7 22. b4 axb4 23. Qa4 Qe8 24. axb4 Qb8 25. Ra1 Rf8 26. b5 h5 27. Rc4 Kg7 28. Qc2 h4 29. Rca4 hxg3 30. hxg3 Ne7 31. R1a3 Rh8 32. Qa2 Qe8 33. Qb1 Qh5 34. Qc1 Rbb8 35. Rc4 Kf7 36. Rxc7 f4 37. exf4 gxf4 38. d4 Rbg8 39. dxe5 Bxe5 40. Bxf4 Ra8 41. Bxe5 Qxe5 42. Re3 Ra1 43. Rxe7+ 1-0

[Event "British Columbia-ch"]
[Site "Vancouver CAN"]
[Date "2018.10.06"]
[Round "3.4"]
[White "Sohal, Tanraj"]
[Black "Kaufman, Raymond"]
[Result "1/2-1/2"]
[WhiteElo "2377"]
[BlackElo "2349"]
[PlyCount "31"]
[GameId "2160767908093839"]
[EventDate "2018.10.05"]
[EventType "tourn"]
[EventRounds "1"]
[EventCountry "CAN"]
[SourceTitle "EXT 2022"]
[Source "ChessBase"]
[SourceDate "2021.10.06"]
[SourceVersion "1"]
[SourceVersionDate "2021.10.06"]
[SourceQuality "1"]

1. d4 Nf6 2. c4 e6 3. Nf3 Bb4+ 4. Bd2 Bxd2+ 5. Qxd2 O-O 6. Nc3 d5 7. e3 Qe7 8. Rc1 dxc4 9. Bxc4 c5 10. dxc5 Rd8 11. Qe2 Qxc5 12. O-O Nc6 13. Rfd1 Bd7 14. Bd3 Be8 15. Ne4 Qe7 16. a3 1/2-1/2

[Event "British Columbia-ch"]
[Site "Vancouver CAN"]
[Date "2018.10.07"]
[Round "4.1"]
[White "Doknjas, Joshua"]
[Black "Kaufman, Raymond"]
[Result "1-0"]
[WhiteElo "2250"]
[BlackElo "2349"]
[PlyCount "105"]
[GameId "2160767908093840"]
[EventDate "2018.10.05"]
[EventType "tourn"]
[EventRounds "1"]
[EventCountry "CAN"]
[SourceTitle "EXT 2022"]
[Source "ChessBase"]
[SourceDate "2021.10.06"]
[SourceVersion "1"]
[SourceVersionDate "2021.10.06"]
[SourceQuality "1"]

1. e4 e5 2. Nf3 Nc6 3. Bc4 Bc5 4. c3 Nf6 5. d3 O-O 6. O-O d5 7. exd5 Nxd5 8. a4 a6 9. Re1 Bg4 10. a5 Qd7 11. Nbd2 Kh8 12. h3 Bh5 13. Ne4 Ba7 14. Ng3 Bg6 15. Nxe5 Nxe5 16. Rxe5 c6 17. Qf3 Rad8 18. d4 Bb8 19. Re2 Qd6 20. Bg5 f6 21. Bd2 c5 22. Rd1 cxd4 23. cxd4 Nf4 24. Bxf4 Qxf4 25. Qxf4 Bxf4 26. d5 Bd6 27. Nf1 Bb4 28. Ra1 Bf7 29. Ra4 Bc5 30. b4 Bd6 31. Ne3 Rc8 32. g3 Rfe8 33. b5 Re4 34. bxa6 bxa6 35. Nf5 Rxe2 36. Bxe2 Rc1+ 37. Bf1 Bc7 38. d6 Bd8 39. Rb4 g6 40. Rb8 gxf5 41. Rxd8+ Kg7 42. d7 Rd1 43. Kg2 Bd5+ 44. f3 Rd2+ 45. Kg1 Bxf3 46. Bxa6 Bc6 47. Bc8 Kh6 48. a6 Rd3 49. Kf2 f4 50. gxf4 Rd6 51. a7 Rd2+ 52. Ke3 Ra2 53. Rf8 1-0

[Event "British Columbia-ch"]
[Site "Vancouver CAN"]
[Date "2018.10.07"]
[Round "5.4"]
[White "Kaufman, Raymond"]
[Black "Nyamdorj, Davaa-Ochir"]
[Result "1-0"]
[WhiteElo "2349"]
[BlackElo "2318"]
[PlyCount "65"]
[GameId "2160767908093847"]
[EventDate "2018.10.05"]
[EventType "tourn"]
[EventRounds "1"]
[EventCountry "CAN"]

1. c4 e6 2. Nf3 Nf6 3. g3 b6 4. Bg2 Bb7 5. O-O c5 6. Nc3 Be7 7. d4 cxd4 8. Qxd4 d6 9. Rd1 a6 10. b3 Nbd7 11. Ba3 Nc5 12. e4 Ncxe4 13. Nxe4 Nxe4 14. Nd2 Nc5 15. Bxb7 Nxb7 16. Qxg7 Bf6 17. Qh6 Bxa1 18. Rxa1 Qe7 19. Bb2 e5 20. Ne4 O-O-O 21. Rd1 Qe6 22. Qe3 Nc5 23. b4 Nxe4 24. Qxe4 Kc7 25. c5 bxc5 26. bxc5 f6 27. Bc3 d5 28. Ba5+ Kc8 29. Qa4 Rd7 30. Bb6 Rb7 31. Rb1 Qe8 32. c6 Kb8 33. Ba7+ 1-0

[Event "British Columbia-ch"]
[Site "Vancouver CAN"]
[Date "2018.10.08"]
[Round "6.2"]
[White "Morozov, Grigory"]
[Black "Kaufman, Raymond"]
[Result "1/2-1/2"]
[WhiteElo "2365"]
[BlackElo "2349"]
[PlyCount "38"]
[GameId "2160767908093849"]
[EventDate "2018.10.05"]
[EventType "tourn"]
[EventRounds "1"]
[EventCountry "CAN"]
[SourceTitle "EXT 2022"]
[Source "ChessBase"]
[SourceDate "2021.10.06"]
[SourceVersion "1"]
[SourceVersionDate "2021.10.06"]
[SourceQuality "1"]

1. d4 Nf6 2. c4 e6 3. Nf3 d5 4. Nc3 Bb4 5. Qb3 c5 6. Bg5 dxc4 7. Qxc4 Nc6 8. a3 Bxc3+ 9. bxc3 cxd4 10. cxd4 O-O 11. g3 h6 12. Bxf6 Qxf6 13. Bg2 e5 14. dxe5 Nxe5 15. Nxe5 Qxe5 16. O-O Be6 17. Qa4 b5 18. Qa6 Rac8 19. Qxa7 Qxe2 1/2-1/2

[Event "British Columbia-ch"]
[Site "Vancouver CAN"]
[Date "2018.10.08"]
[Round "7.3"]
[White "Kaufman, Raymond"]
[Black "Kriventsov, Stanislav"]
[Result "1/2-1/2"]
[WhiteElo "2349"]
[BlackElo "2361"]
[PlyCount "119"]
[GameId "2160767908093854"]
[EventDate "2018.10.05"]
[EventType "tourn"]
[EventRounds "1"]
[EventCountry "CAN"]
[SourceTitle "EXT 2022"]
[Source "ChessBase"]
[SourceDate "2021.10.06"]
[SourceVersion "1"]
[SourceVersionDate "2021.10.06"]
[SourceQuality "1"]

1. e4 c5 2. Nf3 e6 3. d4 cxd4 4. Nxd4 Nf6 5. Nc3 Nc6 6. Nxc6 bxc6 7. e5 Nd5 8. Ne4 Qa5+ 9. Bd2 Qb6 10. c4 Qd4 11. Nd6+ Bxd6 12. exd6 Qe5+ 13. Be2 Nf4 14. Bxf4 Qxf4 15. Qd2 Qxd2+ 16. Kxd2 c5 17. a3 Bb7 18. b4 Bxg2 19. Rhg1 Be4 20. Ke3 Bg6 21. Rg5 f5 22. f4 Kf7 23. h4 Kf6 24. bxc5 Rab8 25. Rag1 Rhg8 26. Kd4 Rb2 27. R1g2 Rgb8 28. h5 Be8 29. Bd3 Rxg2 30. Rxg2 Bxh5 31. Rh2 Bf3 32. Rxh7 Rb3 33. Rh3 Bg2 34. c6 Bxc6 35. Bxf5 Rxh3 36. Bxh3 Ba4 37. Bg2 Kf5 38. c5 Kf6 39. c6 dxc6 40. Kc5 Kf7 41. Bxc6 Bd1 42. a4 Bc2 43. a5 Bd1 44. Bb5 Bf3 45. Bc4 Kf6 46. d7 Ke7 47. Bxe6 Bg2 48. Kb5 Bb7 49. f5 Kd8 50. Kc5 Ke7 51. Kb5 Kd8 52. Kc5 Ke7 53. a6 Bxa6 54. Kc6 Kd8 55. Bb3 Bd3 56. Be6 a6 57. Kd6 Bb5 58. Ke5 Ke7 59. d8=Q+ Kxd8 60. f6 1/2-1/2

[Event "Langley op"]
[Site "Langley CAN"]
[Date "2018.09.01"]
[Round "1.2"]
[White "Briner, Julius"]
[Black "Kaufman, Raymond"]
[Result "0-1"]
[WhiteElo "1400"]
[BlackElo "2349"]
[PlyCount "86"]
[GameId "2160767908090325"]
[EventDate "2018.09.01"]
[EventType "swiss"]
[EventRounds "6"]
[EventCountry "CAN"]
[SourceTitle "EXT 2022"]
[Source "ChessBase"]
[SourceDate "2021.10.06"]
[SourceVersion "1"]
[SourceVersionDate "2021.10.06"]
[SourceQuality "1"]

1. e4 c5 2. Nc3 Nc6 3. Bb5 Nd4 4. Bc4 e6 5. f4 Nf6 6. Nf3 d5 7. exd5 exd5 8. Bb5+ Nxb5 9. Nxb5 Be7 10. O-O O-O 11. d3 a6 12. Nc3 Be6 13. Bd2 Re8 14. a4 h6 15. Qe1 d4 16. Ne4 Bd5 17. Nxf6+ Bxf6 18. Qg3 Qd7 19. Ne5 Qf5 20. Rae1 h5 21. h4 b5 22. b3 Re6 23. Nd7 Be7 24. Re5 Rxe5 25. Nxe5 bxa4 26. c4 dxc3 27. Bxc3 f6 28. Ng6 Bd6 29. Re1 Be6 30. bxa4 Kh7 31. Ne7 Bxe7 32. Qe3 Bd5 33. Qxe7 Qg4 34. Qe2 Qxh4 35. Bxf6 gxf6 36. Qe7+ Kh8 37. Rf1 Rg8 38. Rf2 Rb8 39. Qd6 Rb1+ 40. Rf1 Rxf1+ 41. Kxf1 Qh1+ 42. Ke2 Qxg2+ 43. Ke1 Qg3+ 0-1

[Event "Langley op"]
[Site "Langley CAN"]
[Date "2018.09.01"]
[Round "2.2"]
[White "Kaufman, Raymond"]
[Black "Imoo, Joshua"]
[Result "1-0"]
[WhiteElo "2349"]
[BlackElo "1592"]
[PlyCount "47"]
[GameId "2160767908090336"]
[EventDate "2018.09.01"]
[EventType "swiss"]
[EventRounds "6"]
[EventCountry "CAN"]
[SourceTitle "EXT 2022"]
[Source "ChessBase"]
[SourceDate "2021.10.06"]
[SourceVersion "1"]
[SourceVersionDate "2021.10.06"]
[SourceQuality "1"]

1. d4 d5 2. c4 e6 3. Nf3 Nf6 4. g3 Be7 5. Bg2 O-O 6. Qc2 b6 7. O-O Bb7 8. Ne5 c5 9. dxc5 bxc5 10. Nc3 a6 11. Rd1 Ra7 12. Qb3 Qc7 13. cxd5 Qxe5 14. Qb6 Ra8 15. Qxb7 Nbd7 16. Bf4 Qh5 17. dxe6 fxe6 18. Rxd7 Nxd7 19. Qxd7 Qf7 20. Bxa8 g5 21. Nd5 gxf4 22. Nxe7+ Kh8 23. Qd6 fxg3 24. Qe5+ 1-0

[Event "Langley op"]
[Site "Langley CAN"]
[Date "2018.09.02"]
[Round "3.2"]
[White "Yang, Brian"]
[Black "Kaufman, Raymond"]
[Result "0-1"]
[WhiteElo "1781"]
[BlackElo "2349"]
[PlyCount "74"]
[GameId "2160767908090345"]
[EventDate "2018.09.01"]
[EventType "swiss"]
[EventRounds "6"]
[EventCountry "CAN"]
[SourceTitle "EXT 2022"]
[Source "ChessBase"]
[SourceDate "2021.10.06"]
[SourceVersion "1"]
[SourceVersionDate "2021.10.06"]
[SourceQuality "1"]

1. e4 c5 2. c3 Nf6 3. e5 Nd5 4. d4 cxd4 5. Nf3 Nc6 6. Bc4 Nb6 7. Bb3 d5 8. exd6 Qxd6 9. O-O Be6 10. Na3 a6 11. Ng5 Bd5 12. c4 h6 13. Nh3 Be4 14. Re1 Bf5 15. Qf3 Qc5 16. Nf4 O-O-O 17. Nd5 e6 18. Nxb6+ Qxb6 19. c5 Bxc5 20. Nc4 Qa7 21. Bf4 d3 22. Ba4 Nd4 23. Qg3 b5 24. Nd6+ Rxd6 25. Bxd6 d2 26. Qc3 dxe1=Q+ 27. Rxe1 b4 28. Qxc5+ Qxc5 29. Bxc5 Rd8 30. Bxb4 Kb7 31. Rd1 e5 32. f3 Rc8 33. Rd2 Rc4 34. a3 a5 35. Be7 Rxa4 36. b3 Nxb3 37. Rb2 Be6 0-1

[Event "Langley op"]
[Site "Langley CAN"]
[Date "2018.09.02"]
[Round "4.2"]
[White "Kaufman, Raymond"]
[Black "Lehingrat, Callum"]
[Result "1/2-1/2"]
[WhiteElo "2349"]
[BlackElo "2007"]
[PlyCount "63"]
[GameId "2160767908090355"]
[EventDate "2018.09.01"]
[EventType "swiss"]
[EventRounds "6"]
[EventCountry "CAN"]
[SourceTitle "EXT 2022"]
[Source "ChessBase"]
[SourceDate "2021.10.06"]
[SourceVersion "1"]
[SourceVersionDate "2021.10.06"]
[SourceQuality "1"]

1. e4 c5 2. Nf3 d6 3. d4 cxd4 4. Nxd4 Nf6 5. Nc3 a6 6. Bc4 e6 7. Be3 Be7 8. Bb3 O-O 9. g4 b5 10. g5 Nfd7 11. Qh5 Nc5 12. O-O-O Bb7 13. Rhg1 b4 14. Na4 Nxb3+ 15. Nxb3 Bxe4 16. Qg4 d5 17. Nbc5 Bf5 18. Qxb4 Nd7 19. Qc3 Rc8 20. b4 a5 21. a3 axb4 22. axb4 Qc7 23. Kb2 Nb6 24. Nxb6 Qxb6 25. Qb3 Qb5 26. Ra1 e5 27. Ra7 Bd6 28. Rb7 Qe2 29. Rb6 Be7 30. Rb7 Bd6 31. Rb6 Be7 32. Rb7 1/2-1/2

[Event "Langley op"]
[Site "Langley CAN"]
[Date "2018.09.03"]
[Round "5.2"]
[White "Jiang, Kate"]
[Black "Kaufman, Raymond"]
[Result "0-1"]
[WhiteElo "1694"]
[BlackElo "2349"]
[PlyCount "138"]
[GameId "2160767908090365"]
[EventDate "2018.09.01"]
[EventType "swiss"]
[EventRounds "6"]
[EventCountry "CAN"]
[SourceTitle "EXT 2022"]
[Source "ChessBase"]
[SourceDate "2021.10.06"]
[SourceVersion "1"]
[SourceVersionDate "2021.10.06"]
[SourceQuality "1"]

1. e4 c5 2. c3 Nf6 3. e5 Nd5 4. d4 cxd4 5. cxd4 d6 6. Nf3 Nc6 7. Bc4 Nb6 8. Bb3 dxe5 9. Nxe5 Nxe5 10. dxe5 Qxd1+ 11. Bxd1 g6 12. O-O Bg7 13. Re1 O-O 14. Bb3 Be6 15. Bxe6 fxe6 16. Nc3 Rad8 17. Bg5 Rf7 18. b3 Rd3 19. Nb5 Nd5 20. Rad1 Rxd1 21. Rxd1 Rf5 22. Bh4 Rxe5 23. Nxa7 Nc3 24. Rd8+ Kf7 25. f4 Re4 26. Bg3 Bd4+ 27. Kf1 Bxa7 28. Rd7 Nxa2 29. Rxb7 Bc5 30. Rc7 Bd6 31. Rc2 Nb4 32. Rc4 Re3 33. f5 Bxg3 34. fxg6+ Kxg6 35. hxg3 Nd3 36. Kg1 h5 37. Kh2 Ne5 38. Rc1 Rxb3 39. Re1 Ng4+ 40. Kg1 e5 41. Rc1 Rxg3 42. Rc6+ Kf5 43. Rc7 h4 44. Kf1 Ne3+ 45. Kf2 Ke4 46. Rxe7 Rxg2+ 47. Ke1 Rg4 48. Rh7 h3 49. Rxh3 Rg1+ 50. Kd2 Rd1+ 51. Ke2 Kd4 52. Rh4+ e4 53. Rh8 Ra1 54. Rd8+ Nd5 55. Kd2 e3+ 56. Ke2 Ra2+ 57. Ke1 Ke4 58. Re8+ Kf3 59. Kd1 Ra1+ 60. Kc2 e2 61. Kd2 Rd1+ 62. Kc2 Ne3+ 63. Rxe3+ Kxe3 64. Kc3 e1=Q+ 65. Kc4 Rd4+ 66. Kc5 Qb4+ 67. Kc6 Rd6+ 68. Kc7 Qb6+ 69. Kc8 Rd8# 0-1

[Event "Langley op"]
[Site "Langley CAN"]
[Date "2018.09.03"]
[Round "6.1"]
[White "Kaufman, Raymond"]
[Black "Doknjas, Joshua"]
[Result "1-0"]
[WhiteElo "2349"]
[BlackElo "2252"]
[PlyCount "53"]
[GameId "2160767908090374"]
[EventDate "2018.09.01"]
[EventType "swiss"]
[EventRounds "6"]
[EventCountry "CAN"]
[SourceTitle "EXT 2022"]
[Source "ChessBase"]
[SourceDate "2021.10.06"]
[SourceVersion "1"]
[SourceVersionDate "2021.10.06"]
[SourceQuality "1"]

1. d4 Nf6 2. c4 e6 3. Nc3 Bb4 4. Nf3 O-O 5. Bg5 c5 6. e3 cxd4 7. exd4 d5 8. Bd3 dxc4 9. Bxc4 b6 10. O-O Bb7 11. Qe2 Nbd7 12. Rac1 Rc8 13. Ne5 h6 14. Nxd7 Qxd7 15. Bxf6 gxf6 16. Rfd1 Kh7 17. d5 Rg8 18. Ne4 Qe7 19. dxe6 fxe6 20. Bxe6 Rxg2+ 21. Kxg2 Qxe6 22. Rxc8 Bxe4+ 23. Kg1 Qf5 24. Rc7+ Kg6 25. Qe3 Bf3 26. Qe8+ Kg5 27. Rg7+ 1-0

[Event "Quebec op"]
[Site "Longueuil CAN"]
[Date "2018.07.21"]
[Round "1.11"]
[White "Kaufman, Raymond"]
[Black "Zhu, Brandon"]
[Result "1/2-1/2"]
[WhiteElo "2201"]
[BlackElo "1959"]
[PlyCount "123"]
[GameId "2160767908090908"]
[EventDate "2018.07.21"]
[EventType "swiss"]
[EventRounds "9"]
[EventCountry "CAN"]

1. d4 Nf6 2. c4 e6 3. Nc3 Bb4 4. e3 O-O 5. Bd3 d5 6. cxd5 exd5 7. Nge2 Re8 8. Qc2 Nbd7 9. Bd2 Nf8 10. O-O-O c6 11. f3 b5 12. g4 a5 13. g5 N6d7 14. e4 Nb6 15. Kb1 Ba6 16. Rhg1 Qd7 17. e5 Bxc3 18. Nxc3 b4 19. Bf5 Qa7 20. Na4 Nxa4 21. Qxa4 Bb5 22. Qc2 Qxd4 23. f4 g6 24. Bc1 Qc4 25. Bd3 Qxc2+ 26. Bxc2 Ne6 27. f5 gxf5 28. Bxf5 Ng7 29. Bc2 Rxe5 30. Rd4 Ne6 31. Rh4 Nf8 32. Rh6 Rae8 33. Rg3 R8e6 34. h4 c5 35. h5 Be8 36. Rf6 Kg7 37. Rgf3 c4 38. Bf5 Rxf6 39. gxf6+ Kxf6 40. Bxh7+ Kg7 41. Bf5 f6 42. h6+ Kh8 43. Bc2 Re6 44. Rg3 d4 45. Rg1 d3 46. Bd1 c3 47. bxc3 bxc3 48. Bb3 d2 49. Bxe6 Nxe6 50. Kc2 Ba4+ 51. Kxc3 d1=Q 52. Rxd1 Bxd1 53. Kd2 Ba4 54. Bb2 Be8 55. Bxf6+ Kh7 56. Bg7 Nxg7 57. hxg7 Kxg7 58. Kc3 Kf6 59. Kb2 Ke5 60. Ka1 Kd4 61. Kb2 Kc4 62. Kb1 1/2-1/2

[Event "Quebec op"]
[Site "Longueuil CAN"]
[Date "2018.07.22"]
[Round "2.10"]
[White "Robichaud, Louis"]
[Black "Kaufman, Raymond"]
[Result "0-1"]
[WhiteElo "2060"]
[BlackElo "2201"]
[PlyCount "72"]
[GameId "2160767908090926"]
[EventDate "2018.07.21"]
[EventType "swiss"]
[EventRounds "9"]
[EventCountry "CAN"]
[SourceTitle "hb 2018"]

1. e4 c5 2. d3 Nf6 3. f4 d5 4. e5 Ng8 5. Be2 Nc6 6. c3 Nh6 7. Na3 e6 8. Nf3 Be7 9. Be3 O-O 10. Qd2 Rb8 11. Nc2 b5 12. d4 Nf5 13. dxc5 Nxe3 14. Nxe3 Bxc5 15. b4 Bb6 16. Nc2 Bd7 17. O-O-O a5 18. Kb2 axb4 19. cxb4 f6 20. f5 Bc7 21. fxe6 Bxe6 22. Ncd4 Nxd4 23. Nxd4 Bxe5 24. Kb3 Bf7 25. Rc1 Qb6 26. Rc5 Qa7 27. a3 Rfe8 28. Bf3 Bxd4 29. Qxd4 Re3+ 30. Kc2 Bg6+ 31. Kc1 Rd3 32. Qb2 Qe7 33. Qe2 Re3 34. Bxd5+ Kh8 35. Qg4 Qe5 36. Qd1 Rc3+ 0-1